00369nam a2200121 a 4500008004100000020001500041050001700056100002500073245007100098260005500169300001400224350000900238120416s1971 ||||||||||||||||| || u a0677152507 aTA 417.2 Phy aMcGonnagle, Warren J10aPhysics and nondestructive testingcedited by Warren J. McGonnagle aLondonbGordon and Breach Science Publishersc1971 a3v. : ill a0.00